000 00550 a2200205 4500
005 20240326143615.0
008 240312b |||||||| |||| 00| 0 eng d
020 _a9781492529200
_c$ 23.95
040 _aMAIN
082 _a613.7046
_bB973Y
100 _aButera, Kristen
245 _aYoga therapy: A personalized approach for your active lifestyle
260 _bHuman Kinetics
_c2017
_aChampaign
300 _axiv, 234
650 _aYoga
650 _aYogic Studies
650 _aYoga Therapy
700 _aElgelid, Staffan
942 _cBK
999 _c310362
_d310362